Un monde a partager (Record no. 785)

MARC details
000 - LÍDER
campo de control de longitud fija 00841nam a2200217Ia 4500
008 - ELEMENTOS DE DATOS DE LONGITUD FIJA - INFORMACIÓN GENERAL
campo de control de longitud fija 0000001998 ht a 0000000000spa00
090 ## - NÚMERO DE LLAMADA DE TIPO LC LOCALMENTE ASIGNADO (OCLC)
Número de clasificación (OCLC) (R) PUS00 C32m
100 1# - ENTRADA PRINCIPAL - NOMBRE PERSONAL
Nombre de la persona Chenet, Burton
Fechas asociadas a un nombre 1958
245 10 - TÍTULO DECLARACIÓN
Título Un monde a partager
Declaración de responsabilidad / Burton Chenet ; commissariat Gérald Alexis ; photos Marc Steed
260 ## - PUBLICACIÓN, DISTRIBUCIÓN
Lugar de publicación PortauPrince : Bibliothèque Nationale
Fecha de publicación 1998
300 ## - DESCRIPCIÓN FÍSICA
Alcance 52 p.
Dimensiones / 23 cm.
500 ## - NOTA GENERAL
Nota general Texto bilingue : francés e inglés \ Con el patronazgo del maestro venezolano Jesús Rafael Soto (q.e.p.d.)
600 00 - ENTRADA DE SUJETO AÑADIDO - NOMBRE PERSONAL
Nombre de la persona CHENET, BURTON, 1958/
Subdivisión general TRABAJOS PICTORICOS
650 14 - ENTRADA DE SUJETO AÑADIDO - TÉRMINO TÓPICO
Término tópico o elemento de entrada del nombre geográfico PINTURA ESTADOUNIDENSE
650 14 - ENTRADA DE SUJETO AÑADIDO - TÉRMINO TÓPICO
Término tópico o elemento de entrada del nombre geográfico ARTE CONTEMPORANEO ESTADOUNIDENSE
650 14 - ENTRADA DE SUJETO AÑADIDO - TÉRMINO TÓPICO
Subdivisión general CATALOGOS
650 14 - ENTRADA DE SUJETO AÑADIDO - TÉRMINO TÓPICO
Subdivisión general EXPOSICIONES
650 14 - ENTRADA DE SUJETO AÑADIDO - TÉRMINO TÓPICO
Término tópico o elemento de entrada del nombre geográfico EXPRESIONISMO (ARTE)
650 14 - ENTRADA DE SUJETO AÑADIDO - TÉRMINO TÓPICO
Término tópico o elemento de entrada del nombre geográfico PINTORES ESTADOUNIDENSES
700 1# - ENTRADA AGREGADA - NOMBRE PERSONAL
Nombre de la persona AleXis, Gérald \ Steed, Marc
Holdings
Estado de retirada Pérdida de estatus Estado dañado No para préstamo Código de recogida Ubicación permanente Ubicación actual Ubicación de las estanterías Fecha de adquisición Número de llamada completo Código de barras Fecha de la última vez que se vio Número de copia Precio efectivo desde Tipo de artículo Koha
        General ArtNexus ArtNexus General 06/09/2022 P-US-00 C32M 785 06/09/2022 Ej.1 06/09/2022 Libro

Powered by Koha